00470nam a2200145Ia 4500008004100000020001800041041000800059082001500067100002700082245010500109250000600214260006500220300001400285650002500299210716s2016 xx 000 0 und d a9789352133529 aeng a519.5 VENK aVenkatachari, Kavitha. aQuantitative methods for managers: an introduction to r programming.bIntroduction to r programming. a1 aNew DelhibShroff Publishers and Distributors Pvt Ltdc2016 axviii,624 aQuantitative Methods